000 00533nam a22001817a 4500
005 20240920155943.0
008 240919b |||||||| |||| 00| 0 eng d
020 _a978-93-6180-043-6
041 _aeng
082 _a362.1
_bGAU
100 _aGAUTAM, DR. HEMENDRA & TIWARI, DR. SHASHANK AND KADWE, MADAN KUMAR
_98563
245 _aHOSPITAL AND CLINICAL PHARMACY [D. PHARMA, 2ND YEAR]
250 _a2ND ED, 2024
260 _aLUCKNOW
_bTHAKUR PUBLICATION PVT LTD
300 _a224;P
650 _aPHARMACY
_xD.PHARMA
942 _cBK
999 _c8692
_d8690